The Laws of Manu (Record no. 1406087)

MARC details
000 -LEADER
fixed length control field 00552nam a2200241Ia 4500
008 - FIXED-LENGTH DATA ELEMENTS--GENERAL INFORMATION
fixed length control field 161109s9999||||xx |||||||||||||| ||und||
040 ## - CATALOGING SOURCE
Transcribing agency English
082 ## - DEWEY DECIMAL CLASSIFICATION NUMBER
Classification number V / Doniger
082 ## - DEWEY DECIMAL CLASSIFICATION NUMBER
Item number BORI-72989
245 #4 - TITLE STATEMENT
Title The Laws of Manu
260 ## - PUBLICATION, DISTRIBUTION, ETC. (IMPRINT)
Place of publication, distribution, etc New Zealand
260 ## - PUBLICATION, DISTRIBUTION, ETC. (IMPRINT)
Date of publication, distribution, etc 1991
300 ## - PHYSICAL DESCRIPTION
Extent lxxviii + 362
300 ## - PHYSICAL DESCRIPTION
Dimensions B
300 ## - PHYSICAL DESCRIPTION
Accompanying material Paperback
530 ## - ADDITIONAL PHYSICAL FORM AVAILABLE NOTE
Uniform Resource Identifier <a href="000072989.Pdf">000072989.Pdf</a>
563 ## - BINDING INFORMATION
Binding note Study
630 ## - SUBJECT ADDED ENTRY--UNIFORM TITLE
Uniform title The Laws of Manu
650 ## - SUBJECT ADDED ENTRY--TOPICAL TERM
Topical term or geographic name as entry element Dharmashastra
650 ## - SUBJECT ADDED ENTRY--TOPICAL TERM
Topical term or geographic name as entry element Dharmashastra Study
730 ## - ADDED ENTRY--UNIFORM TITLE
Uniform title The Laws of Manu
942 ## - ADDED ENTRY ELEMENTS (KOHA)
Koha item type Book
Holdings
Withdrawn status Lost status Damaged status Not for loan Home library Current library Date acquired Total Checkouts Full call number Barcode Date last seen Price effective from Koha item type
        Bhandarkar Oriental Research Institute, Pune Bhandarkar Oriental Research Institute, Pune     BORI-72989 BORI-72989 11/09/2016 11/09/2016 Book